| 000 | 01494cam a2200469 a 4500 | ||
|---|---|---|---|
| 001 | 22216 | ||
| 003 | VRT | ||
| 005 | 20260323134127.0 | ||
| 008 | 240314s2012 xo g 000 f slo | ||
| 015 | _aSNBA2014/05 | ||
| 020 |
_a9788081141645 _q(brož.) |
||
| 039 | 9 |
_a202403141416 _bVLOAD _c201405070929 _dmsnk17 _c201404221101 _dmsnk12 _c201404141119 _dmtotk19 |
|
| 040 |
_aPPPK _bslo _cPPPK _eAACR2 |
||
| 041 | 0 | _aslo | |
| 044 |
_axo _cSK |
||
| 072 | 7 |
_a821.162.4-3 _xSlovenská próza _2konspekt |
|
| 080 |
_a821.162.4-31 _22001 |
||
| 100 | 1 |
_aBaniarová, Soňa, _d1971- _4aut |
|
| 245 | 1 | 0 |
_aZúfalá v Bangkoku _bskutočný príbeh o ceste do kláštora _cSoňa Babiarová |
| 250 | _a1. vyd. | ||
| 260 |
_aBratislava _bMarenčin PT _c2012 |
||
| 300 |
_a203 s. _c17 cm |
||
| 655 | 7 |
_aslovenské romány _2SNKPH |
|
| 655 | 7 |
_aSlovak fiction _2SNKPHeng |
|
| 910 | _apppk | ||
| 910 | _apokpoh | ||
| 910 | _asllk | ||
| 910 | _ahevk | ||
| 910 | _attkjf | ||
| 910 | _avthk | ||
| 910 | _asvkbb | ||
| 910 | _atotk | ||
| 910 | _asnk | ||
| 942 |
_2ddc _cKLDO _n0 |
||
| 949 |
_6270001000443171 _asvkbbA 137664-a _bsvkbbm 743957 |
||
| 949 |
_617A1106375 _asnkSD 83133 _bsnk2014/9760 _o873/14 |
||
| 949 |
_617A1106376 _asnkSD 83133 D1 _bsnk2014/9761 _o873/14 |
||
| 949 |
_62889209768 _asavukPV 18856 _bsavuk2014/1029 |
||
| 949 |
_6270001000409480 _asvkbbA 137664 _bsvkbbm 734602 |
||
| 949 |
_6273K0575762 _asvkpoA 221860 _bsvkpo574303 |
||
| 999 |
_c22216 _d22216 |
||